El juez de primera instancia (Record no. 34948)

MARC details
000 -LEADER
campo de control de longitud fija 00646nam a2200181 i 4500
001 - NÚMERO DE CONTROL
campo de control 34948
003 - IDENTIFICADOR DE NÚMERO DE CONTROL
campo de control ES-MaACL
005 - FECHA Y HORA DE LA ÚLTIMA TRANSACCIÓN
campo de control 20230906155027.0
007 - CAMPO FIJO DE DESCRIPCIÓN FÍSICA--INFORMACIÓN GENERAL
campo de control de longitud fija t|
008 - DATOS DE LONGITUD FIJA--INFORMACIÓN GENERAL
campo de control de longitud fija 030211s1955 sp ||||1| spa d
100 1# - ENTRADA PRINCIPAL--NOMBRE DE PERSONA
Nombre de persona Botein, Bernard.
9 (RLIN) 30744
245 13 - MENCIÓN DEL TÍTULO
Título El juez de primera instancia
Resto del título : memorias de un juez /
Mención de responsabilidad, etc. Bernard Botein ; prólogo y traducción de Angel Llamas Pérez.
260 ## - PUBLICACIÓN, DISTRIBUCIÓN, ETC.
Lugar de publicación, distribución, etc. Barcelona :
Nombre del editor, distribuidor, etc. José María Bosch,
Fecha de publicación, distribución, etc. 1955 (
Fabricante Vda. de Daniel Cochs)
300 ## - DESCRIPCIÓN FÍSICA
Extensión 163 p. ;
Dimensiones 21 cm.
650 #4 - PUNTO DE ACCESO ADICIONAL DE MATERIA--TÉRMINO DE MATERIA
Término de materia o nombre geográfico como elemento de entrada Tribunales de primera instancia-
Subdivisión geográfica Estados unidos.
9 (RLIN) 170153
700 1# - ENTRADA AGREGADA--NOMBRE PERSONAL
Nombre de persona Llamas Pérez, Angel.
9 (RLIN) 72672
852 ## - LOCALIZACIÓN
Ubicación ES-MaACL
Número de control de estantería C-9805
Sublocalización o colección R.37613
Holdings
Estatus retirado Estado de pérdida Estado de daño No para préstamo Biblioteca de origen Biblioteca actual Ubicación en estantería Fecha de adquisición Fuente de adquisición Total de préstamos Signatura topográfica completa Código de barras Visto por última vez Precio de reemplazo Tipo de ítem Koha
        Biblioteca del Ateneo de Madrid Biblioteca del Ateneo de Madrid Sala Palomar 17/01/2008     C-9805 1036503 23/02/2023 23/02/2023 Libro impreso